000
00267nam a2200097Ia 4500
008
220204s9999 xx 000 0 und d
082
_a
330.133:339
_b
UNC
245
0
_a
UNCTAD commodity yearbook 1994
260
_a
New York
_b
United Nations Publications
_c
1994
942
_c
BK
999
_c
40775
_d
40775